Statistics for Countries Larger Than Texas

Click here to take the quiz!

General Stats

  • This quiz has been taken 4,313 times
    (2,653 since last reset)
  • The average score is 34 of 38

Answer Stats

Area in SQ. KMCountry% Correct
17,098,242 Russia
100%
9,984,670Canada
99%
9,596,961China
99%
7,741,220 Australia
98%
8,515,770 Brazil
98%
2,780,400 Argentina
97%
3,287,263India
97%
9,525,067United States
96%
2,344,858Democratic Republic of the Congo
95%
1,964,375Mexico
95%
2,381,741Algeria
94%
2,724,900 Kazakhstan
94%
1,219,090South Africa
93%
1,001,450Egypt
92%
1,904,569Indonesia
92%
1,648,195Iran
92%
1,564,116Mongolia
92%
2,149,690Saudi Arabia
92%
1,138,910Colombia
91%
1,267,000Niger
90%
1,861,484Sudan
90%
1,284,000Chad
89%
1,759,540Libya
89%
1,285,216Peru
89%
796,095Pakistan
88%
783,562Turkey
87%
1,104,300Ethiopia
85%
1,240,192Mali
85%
923,768Nigeria
85%
912,050Venezuela
85%
756,102Chile
84%
1,246,700Angola
81%
1,098,581Bolivia
80%
947,300Tanzania
79%
1,030,700Mauritania
78%
912,050Namibia
78%
799,380Mozambique
74%
752,618Zambia
64%

Score Distribution

Percentile by Number Answered

Percent of People with Each Score

Your Score History

You have not taken this quiz since the last reset